Reprezentacje siatkarskie mężczyzn na IO 2024 - Statystyki

Ogólne statystyki
  • Ten quiz został rozwiązany 430 razy
  • Średni wynik to 10 z 12
Statystyki odpowiedzi
Grupa A % Poprawnych
Polska
100%
Francja
98%
USA
95%
Włochy
94%
Brazylia
93%
Japonia
90%
Niemcy
90%
Słowenia
81%
Argentyna
77%
Egipt
75%
Kanada
73%
Serbia
66%
Nie znaleziono quizów pasujących do podanych kryteriów
Rozkład punktacji
Procent ludzi z każdym wynikiem
Percentyl według liczby udzielonych odpowiedzi
Twoja historia wyników
Nie rozwiązałeś tego quizu